Vainqueures du Tour de France Femmes - Statistiques

Statistiques générales
  • Ce quiz a été pris 141 fois
  • Le résultat moyen est 4 sur 8
Statistiques - réponses
Années Pays Vainqueure % Correct
2025 France Pauline Ferrand-Prévot
98%
2023 Pays-Bas Demi Vollering
87%
2024 Pologne Katarzyna Niewiadoma-Phinney
79%
1987, 1988, 1989 France Jeannie Longo
75%
2022 Pays-Bas Annemiek van Vleuten
54%
1985, 1986 Italie Maria Canins
8%
1984 États-Unis Marianne Martin
3%
1955 Royaume-Uni Millie Robinson
2%
Aucun quiz correspondant
Distribution des résultats
% des personnes avec chaque résultat
Percentile par nombre de réponses
Votre historique - résultats
Vous n’avez pas pris ce quiz